| 000 | 00344nam a22001217a 4500 | ||
|---|---|---|---|
| 082 |
_a340.11205 _bZAM |
||
| 100 | _aZaman, Wasif | ||
| 245 |
_aLegal Ethics with Legal Practitioners and Bar Councils Act & Rules / _cWasif Zaman |
||
| 260 |
_aLahore: _bIrfan Law Book House, _c2023. |
||
| 300 | _a340 p. | ||
| 563 | _aHB. | ||
| 942 |
_2ddc _cBK |
||
| 999 |
_c614075 _d614075 |
||